000 00306nam a22001337a 4500
008 170529b xxu||||| |||| 00| 0 eng d
020 _a9780205760411
041 _aeng
080 _28 ED
_a94(7/8)
100 _a16
101 _aSHH
245 _aAMERICA PAST AND PRESENT
_cGREEN.B
942 _2udc
_cBK
999 _c14910
_d14910